000 00570nam a2200181Ia 4500
008 090123s9999 xx 000 0 und d
082 _b21979
100 _aनाईक जि.आ.
245 _aजागतिक घडामोडी 1990
250 _a1
260 _bमॅजेस्टिक प्रकाशन
_c1991
300 _a212
600 _aनाईक जि.आ.
630 _aजागतिक घडामोडी 1990
700 _aनाईक जि.आ.
730 _aजागतिक घडामोडी 1990
942 _cBOOK
999 _c60051
_d60051